<?xml version="1.0" encoding="UTF-8"?>
<record
    xmlns:xsi="http://www.w3.org/2001/XMLSchema-instance"
    xsi:schemaLocation="http://www.loc.gov/MARC21/slim http://www.loc.gov/standards/marcxml/schema/MARC21slim.xsd"
    xmlns="http://www.loc.gov/MARC21/slim">

  <leader>03755nam a2200265Ia 4500</leader>
  <controlfield tag="003">OSt</controlfield>
  <controlfield tag="005">20210901115544.0</controlfield>
  <controlfield tag="008">210310s2013    sp ad  gr     000 0 spa d</controlfield>
  <datafield tag="020" ind1=" " ind2=" ">
    <subfield code="a">9783659067457</subfield>
  </datafield>
  <datafield tag="040" ind1=" " ind2=" ">
    <subfield code="a">CO-JMCR</subfield>
    <subfield code="c">CO-JMCR</subfield>
  </datafield>
  <datafield tag="041" ind1="0" ind2=" ">
    <subfield code="a">spa</subfield>
  </datafield>
  <datafield tag="082" ind1="0" ind2="4">
    <subfield code="a">650 /</subfield>
    <subfield code="b">A775p</subfield>
    <subfield code="2">23</subfield>
  </datafield>
  <datafield tag="100" ind1="1" ind2=" ">
    <subfield code="a">Arrieta Diaz, Delia, </subfield>
    <subfield code="e">autora</subfield>
    <subfield code="9">27998</subfield>
  </datafield>
  <datafield tag="245" ind1="1" ind2="4">
    <subfield code="a">Las pymes, estrategias y entorno : </subfield>
    <subfield code="b">experiencias y perspectivas en el estado de Durango /</subfield>
    <subfield code="c">Delia Arrieta D&#xED;az, E. Geovani Figueroa G. </subfield>
  </datafield>
  <datafield tag="260" ind1=" " ind2=" ">
    <subfield code="a">Espa&#xF1;a : </subfield>
    <subfield code="b">Acad&#xE9;mica espa&#xF1;ola, </subfield>
    <subfield code="c">2013.</subfield>
  </datafield>
  <datafield tag="300" ind1=" " ind2=" ">
    <subfield code="a">456 p&#xE1;ginas : </subfield>
    <subfield code="b">ilustraciones y gr&#xE1;ficas en blanco y negro ; </subfield>
    <subfield code="c">22 cm.</subfield>
  </datafield>
  <datafield tag="504" ind1=" " ind2=" ">
    <subfield code="a">Bibliograf&#xED;a : p&#xE1;ginas 437-439.</subfield>
  </datafield>
  <datafield tag="505" ind1="0" ind2=" ">
    <subfield code="t">Estrategias y factores competitivos de las PyMES: estudio de caso en el sector de alimentos preparados. / </subfield>
    <subfield code="r">Diana Mart&#xED;nez Loya. -- </subfield>
    <subfield code="t">la influencia de la administraci&#xF3;n estrat&#xE9;gica en el uso de las TIC&#xB4;s en las Pymes del Estado de Durango. / </subfield>
    <subfield code="r">Alba Fierro P&#xE9;rez. -- </subfield>
    <subfield code="t">La importancia de las cuotas obrero patronal para el desarrollo futuro en la permeancia de las pymes que planean estrat&#xE9;gicamente en el estado de Durango. /  </subfield>
    <subfield code="r">Sergio Garc&#xED;a Romero. -- </subfield>
    <subfield code="t">An&#xE1;lisis de las Actividades de Recursos Humanos como Factor Competitivo de las Pymes en la Industria de la Transformaci&#xF3;n en el Estado de Durango. / </subfield>
    <subfield code="r">Liliana Rivera Villela. -- </subfield>
    <subfield code="t">La Certificaci&#xF3;n ISO 9000 o Equivalente como Consecuencia de la Planeaci&#xF3;n Estrat&#xE9;gica en las PyMES del Estado de Durango. / </subfield>
    <subfield code="r">H&#xE9;ctor Antonio Flores Cabral. -- </subfield>
    <subfield code="t">An&#xE1;lisis del Comercio Electr&#xF3;nico como Factor Competitivo de las Micro, Peque&#xF1;as y Medianas Empresas del Sector Comercial en el Estado de Durango. / </subfield>
    <subfield code="r">Flor Isela Hern&#xE1;ndez Cant&#xFA;. -- </subfield>
    <subfield code="t">Apoyos Gubernamentales para la Capacitaci&#xF3;n de Personal ante los Requerimientos de las MIPYMES del Sector Hotelero de Durango. / </subfield>
    <subfield code="r">Lucero Gonz&#xE1;lez Hermosillo. -- </subfield>
    <subfield code="t">An&#xE1;lisis de las Estrategias y Factores Competitivos de las Mipymes de la Industria de la Construcci&#xF3;n en el Estado de Durango. / </subfield>
    <subfield code="r">Gracia Margarita Guerrero Enr&#xED;quez. -- </subfield>
    <subfield code="t">Apoyos Gubernamentales para la Capacitaci&#xF3;n de Personal ante los Requerimientos de las Pymes del Sector Comercial en el Estado de Durango. / </subfield>
    <subfield code="r">Olga Elda Hern&#xE1;ndez Soto. -- </subfield>
    <subfield code="t">La importancia de la planeaci&#xF3;n estrat&#xE9;gica en la innovaci&#xF3;n y permanencia de las PyMES en el estado de Durango. / </subfield>
    <subfield code="r">Azucena Rivera Santill&#xE1;n.</subfield>
  </datafield>
  <datafield tag="520" ind1="0" ind2=" ">
    <subfield code="a">Las PyMES, Estrategias y Entorno.
El inter&#xE9;s de estudiar la PyME se encuentra en que estas empresas han sido del centro de numerosos trabajos, debido fundamentalmente a su gran capacidad de generar empleo, as&#xED; como el papel primordial que juegan como generadoras de riqueza. Esto ha permitido un mayor conocimiento de sus caracter&#xED;sticas y de sus funciones en el entorno econ&#xF3;mico. Sin embargo la PyME sigue necesitada de fundamentos operativos que de forma continua pongan de manifiesto su problem&#xE1;tica con la finalidad de facilitar la toma de decisiones, tanto desde un punto de vista de pol&#xED;tica interna, como de pol&#xED;tica estatal. Las debilidades de car&#xE1;cter estructural que padece la PyME siguen afectando su supervivencia y disminuyendo su competitividad, por lo cual en este libro se presentan investigaciones diversas que abordan vertientes de estudio como: la administraci&#xF3;n estrat&#xE9;gica, estrategias, factores competitivos, TIC's, fortalezas y debilidades, cuotas obrero patronales, recursos humanos, certificaci&#xF3;n ISO 9000, comercio electr&#xF3;nico, apoyos gubernamentales para la capacitaci&#xF3;n e innovaci&#xF3;n, entre otros.</subfield>
  </datafield>
  <datafield tag="650" ind1="1" ind2="4">
    <subfield code="a">Factores competitivos </subfield>
    <subfield code="x">Pymes</subfield>
    <subfield code="9">28000</subfield>
  </datafield>
  <datafield tag="650" ind1="2" ind2="4">
    <subfield code="a">Fortaleza y debilidades </subfield>
    <subfield code="x">Pymes</subfield>
    <subfield code="9">39849</subfield>
  </datafield>
  <datafield tag="650" ind1="2" ind2="4">
    <subfield code="a">Peque&#xF1;as y medianas empresas</subfield>
    <subfield code="x">Pymes</subfield>
    <subfield code="9">39850</subfield>
  </datafield>
  <datafield tag="700" ind1="1" ind2=" ">
    <subfield code="a">Figueroa G., E. Geovani, </subfield>
    <subfield code="e">autor</subfield>
    <subfield code="9">39851</subfield>
  </datafield>
  <datafield tag="942" ind1=" " ind2=" ">
    <subfield code="2">ddc</subfield>
    <subfield code="c">BK</subfield>
  </datafield>
  <datafield tag="999" ind1=" " ind2=" ">
    <subfield code="c">12354</subfield>
    <subfield code="d">12354</subfield>
  </datafield>
  <datafield tag="952" ind1=" " ind2=" ">
    <subfield code="0">0</subfield>
    <subfield code="1">0</subfield>
    <subfield code="2">ddc</subfield>
    <subfield code="4">0</subfield>
    <subfield code="7">0</subfield>
    <subfield code="a">CPL</subfield>
    <subfield code="b">CPL</subfield>
    <subfield code="c">GEN</subfield>
    <subfield code="d">2018-04-15</subfield>
    <subfield code="e">Donaci&#xF3;n</subfield>
    <subfield code="o">650 / A775p</subfield>
    <subfield code="p">430005872</subfield>
    <subfield code="r">2024-05-16 00:00:00</subfield>
    <subfield code="t">Ej.1</subfield>
    <subfield code="w">2021-03-10</subfield>
    <subfield code="y">BK</subfield>
  </datafield>
</record>
